=LDR 00000nam 2200000 4500 =001 INLIS000000000015910 =005 20130612111203 =008 ***********************************Ind** =035 ##$$0010-061300000015910 =041 ##$$a Ind =082 ##$$a 372.84 =090 ##$$a 372.84, Zae p =100 ##$$a Zaenuri =245 ##$$a Panduan pesantren kilat (PPK) untuk sekolah dasar (SD), Drs. H. Zaenuri ; Drs. Sadi ; KH. Abdullah Shonhaji =260 ##$$a 1997 $b Semarang =300 ##$$a V-84 hlm., 28 cm =650 ##$$a Pesantren kilat - SD =700 ##$$a Sadi =700 ##$$a Shonhaji, Abdullah =850 ##$$a NBPNMAT